VII Encuentro de comisionistas / (Registro nro. 8070)

Detalles MARC
000 -LEADER
fixed length control field 01978nam a2200193Ia 4500
003 - CONTROL NUMBER IDENTIFIER
control field OSt
005 - DATE AND TIME OF LATEST TRANSACTION
control field 20210826153543.0
008 - FIXED-LENGTH DATA ELEMENTS--GENERAL INFORMATION
fixed length control field 210310s1992 ck ad fr 100 0 spa d
040 ## - CATALOGING SOURCE
Original cataloging agency CO-JMCR
Transcribing agency CO-JMCR
041 0# - LANGUAGE CODE
Language code of text/sound track or separate title spa
082 04 - DEWEY DECIMAL CLASSIFICATION NUMBER
Classification number 332.642 /
Item number E562b2
Edition number 23
111 2# - MAIN ENTRY--MEETING NAME
Meeting name or jurisdiction name as entry element Encuentro de Comisionistas
Number of part/section/meeting (7° :
Date of meeting or treaty signing 1992 :
Location of meeting Cartagena)
9 (RLIN) 39719
245 10 - TITLE STATEMENT
Title VII Encuentro de comisionistas /
Statement of responsibility, etc. Bolsas de Valores de Bogotá, Medellín y Occidente
260 ## - PUBLICATION, DISTRIBUTION, ETC.
Place of publication, distribution, etc. Cartagena :
Name of publisher, distributor, etc. Bolsa de Valores de Colombia,
Date of publication, distribution, etc. 1992
300 ## - PHYSICAL DESCRIPTION
Extent 112 páginas :
Other physical details ilustraciones y gráficas a blanco y negro ;
Dimensions 27 cm.
505 0# - FORMATTED CONTENTS NOTE
Title Palabras de Introducción al VII Encuentro de Comisionistas de las Bolsas de Valores del país /
Statement of responsibility Doctor Hernán Beltz Peralta, Presidente de la Bolsa de Bogotá
Title Intervención en el VII Encuentro de Comisionistas. /
Statement of responsibility Doctor Luis Alberto Moreno, Ministro de Desarrollo Económico
Title Intervención en el VII Encuentro de Comisionistas. /
Statement of responsibility Doctor Rudolf Hommes, Ministro arde Hacienda y Crédito Público<br/>
Title Mercado de Futuros y Opciones. / <br/>
Statement of responsibility Doctor Francisco Piedrahita Echeverry, Presidente de la Bolsa de Medellín
Title Intervención en el VII Encuentro de Comisionistas. /
Statement of responsibility Doctor Oscar Frick, Economista Senior de la Bolsa de Mercaderías y Futuros de Sao Paulo, Brasil<br/>
Title Ingeniería Financiera, su relación con el Mercado Bursátil y principales oportunidades. /
Statement of responsibility Doctor Jaime Ricaurte Junguito, Consultor Financiero y Director de Incorbank<br/>
Title Perspectivas de Desarrollo de la Banca de Inversión. /
Statement of responsibility Doctor Javier Serrano Rodríguez, Decano Administración de Empresas de la Universidad de Los Andres
Title Conclusiones Palabras de Finalización del VII Encuentro de Comisionistas. /
Statement of responsibility Doctor Julián Domínguez, Presidente de la Bolsa de Occidente
Title Palabras de Clausura del VII Encuentro de Comisionistas. /
Statement of responsibility Doctor Luis Fernando Lopez Roca, Superintendente de Valores
650 14 - SUBJECT ADDED ENTRY--TOPICAL TERM
Topical term or geographic name entry element Bolsa de valores
9 (RLIN) 16252
General subdivision Ensayos, conferencias, etc.
Geographic subdivision Colombia
942 ## - ADDED ENTRY ELEMENTS (KOHA)
Source of classification or shelving scheme Dewey Decimal Classification
Koha item type Books
Existencias
Withdrawn status Lost status Source of classification or shelving scheme Damaged status Not for loan Collection code Home library Current library Date acquired Source of acquisition Full call number Barcode Date last seen Copy number Koha item type
    Dewey Decimal Classification     Non-fiction Biblioteca Pública José María del Castillo y Rada Biblioteca Pública José María del Castillo y Rada 04/15/2018 Donación 332.642 / E562b2 430003200 05/16/2024 Ej.1 Books